| Tag |
First Indicator |
Second Indicator |
Subfields |
| LEADER |
00000cam a2200000 a 4500 |
| 001 |
in00000926708 |
| 005 |
20150924201809.0 |
| 008 |
891212s1990 ilua 00110 eng |
| 010 |
|
|
|a 89070236
|
| 020 |
|
|
|a 0917253957
|
| 035 |
|
|
|a (OCoLC)20825572
|
| 035 |
|
|
|9 AEQ8527AM
|
| 040 |
|
|
|a DLC
|c DLC
|d TXA
|d UtOrBLW
|
| 049 |
|
|
|a TXAM
|c [A13370877]
|
| 050 |
0 |
0 |
|a HG6024.5
|b .P58 1990
|
| 082 |
0 |
0 |
|a 332.63/23
|2 20
|
| 100 |
1 |
|
|a Pitts, Mark,
|d 1950-
|
| 245 |
1 |
0 |
|a Interest rate futures and options /
|c Mark Pitts, Frank J. Fabozzi.
|
| 264 |
|
1 |
|a Chicago, Ill. :
|b Probus Pub. Co.,
|c [1990]
|
| 264 |
|
4 |
|c ©1990
|
| 300 |
|
|
|a vi, 452 pages :
|b illustrations ;
|c 24 cm.
|
| 336 |
|
|
|a text
|b txt
|2 rdacontent
|
| 337 |
|
|
|a unmediated
|b n
|2 rdamedia
|
| 338 |
|
|
|a volume
|b nc
|2 rdacarrier
|
| 500 |
|
|
|a Includes index.
|
| 650 |
|
0 |
|a Interest rate futures.
|
| 650 |
|
0 |
|a Options (Finance)
|
| 650 |
|
0 |
|a Hedging (Finance)
|
| 700 |
1 |
|
|a Fabozzi, Frank J.
|
| 999 |
|
|
|a MARS
|
| 999 |
f |
f |
|s f2c4e748-ed70-3b2b-ba63-e8f5a0fb6ecc
|i 4b328346-42a7-32b0-b072-e532dc26ef59
|t 0
|
| 952 |
f |
f |
|p ric
|a Texas A&M University
|b Rellis Campus
|c Joint Library Facility
|d Remote Storage
|t 0
|e HG6024.5 .P58 1990
|h Library of Congress classification
|i unmediated -- volume
|m A14813370877
|
| 998 |
f |
f |
|a HG6024.5 .P58 1990
|t 0
|l Remote Storage
|